00543nam a22001697a 4500003000500000005001700005008004100022040001300063082000800076100002000084245009700104260002700201300001000228650004700238700003100285856005700316Nust20241030133403.0170216b xxu||||| |||| 00| 0 eng d cNust-MCE a200 a Abbas Muhammad aProductivity improvement techniques in construction industry of Pakistan/ cMuhammad Abbas  aRisalpur,bMCE,c2016. a112p. 2MS-Construction Engineering and Management aSupervisor; Muhammad Irfan uhttp://10.250.8.41:8080/xmlui/handle/123456789/11820